[Event "Besancon op"]
[Site "Besancon"]
[Date "2005.12.29"]
[Round "7"]
[White "Mairet, Matthieu"]
[Black "Lurbe, Johanna"]
[Result "0-1"]
[WhiteElo "1410"]
[BlackElo "1590"]
[PlyCount "102"]
[EventDate "2005.12.27"]
[EventType "swiss"]
[EventRounds "7"]
[EventCountry "FRA"]
[SourceTitle "CBM 110 Extra"]
[Source "ChessBase"]
[SourceDate "2006.03.10"]
[SourceVersion "2"]
[SourceVersionDate "2006.03.10"]
[SourceQuality "1"]

1. c4 e5 2. d4 exd4 3. Qxd4 Nc6 4. Qe4+ Qe7 5. Qxe7+ Bxe7 6. e3 Nf6 7. Nf3 Bc5 8. Be2 d6 9. Nc3 Be6 10. 0-0 h6 11. Rd1 0-0 12. Nd4 Bxd4 13. exd4 Nb4 14. a3 Nc2 15. Ra2 Bf5 16. d5 a6 17. Bf4 Rac8 18. Bd3 Nd4 19. Bxf5 Nxf5 20. b4 Rfe8 21. f3 Ne3 22. Bxe3 Rxe3 23. Nb1 Rce8 24. Kf2 Nd7 25. Rdd2 Rb3 26. Rdb2 Rxb2+ 27. Rxb2 Re5 28. Nc3 Nb6 29. b5 Nxc4 30. Rb3 a5 31. a4 Nb6 32. g4 Nxd5 33. Nxd5 Rxd5 34. Rc3 Rc5 35. Rxc5 dxc5 36. Ke3 Kf8 37. Kd3 Ke7 38. h4 Ke6 39. f4 g6 40. Ke4 f5+ 41. gxf5+ gxf5+ 42. Kd3 Kd5 43. h5 b6 44. Ke3 c6 45. bxc6 Kxc6 46. Kd3 Kd5 47. Kc3 c4 48. Kb2 Kd4 49. Kc2 c3 50. Kc1 Kc4 51. Kc2 Kb4 0-1